Statistics for Green Day Lyrics to songs

Click here to take the quiz!

General Stats

  • This quiz has been taken 67 times
  • The average score is 10 of 15

Answer Stats

HintAnswer% Correct
I'm walking down the line
That divides me somewhere in my mind
On the borderline
Of the edge, and where I walk alone
Boulevard of Broken Dreams
88%
I am one of those
Melodramatic fools
Neurotic to the bone
No doubt about it
Basket Case
86%
Bombs away is your punishment
Pulverize the Eiffel towers
Who criticize your government
Holiday
82%
Another turning point, a fork stuck in the road
Time grabs you by the wrist, directs you where to go
Good Riddance
81%
It didn't say much, but it only confirmed that
The center of the earth is the end of the world
Jesus of Suburbia
72%
My eyes feel like they're gonna bleed
Dried up and bulging out my skull
My mouth is dry, my face is numb
Brain Stew
68%
I got no motivation
Where is my motivation?
No time for no motivation
Smoking my inspiration
Longview
68%
She screams in silence
A sullen riot penetrating through her mind
Waiting for a sign to smash the silence with the brick of self-control
She
67%
I'm just roaming for the moment
Sleazin' my back yard so don't get
So uptight you been thinking about ditching me
When I Come Around
65%
A gunshot rings out at the station
Another urchin snaps and left dead on his own
Welcome to Paradise
60%
Caution, police line, you better not cross
Is the cop or am I the one that's really dangerous?
Warning
56%
Cold turkey's getting stale
Tonight, I'm eating crow
Fermented salmonella, poison oak, no
Hitchin' a Ride
54%
Started at the age of four
My mother went to the grocery store
Went sneaking through her bedroom door
To find something in a size four
King for a Day
51%
My hair is shagging in my eyes
Dragging my feet to hit the street tonight
To drive along these shit town lights
Burnout
42%
Give me rage, like there's teargas in the crowd
Do you wanna live out loud?
But the air is barely breathing
Revolution Radio
33%

Score Distribution

Percentile by Number Answered

Percent of People with Each Score

Your Score History

You have not taken this quiz